000 00546nam a2200193Ia 4500
005 20260120132451.0
008 008 260114s9999 xx 000 0 eng d
020 _a9780191997082
037 _aEBOOK
040 _aCRL
_beng
_cCRL
041 _aeng
_2eng
084 _qCRL
100 _ade Ruiter
_9939369
245 0 _aDehumanization in the Global Migration Crisis#
260 _bOxford University PressOxford University Press
_c2024
856 _uhttps://academic.oup.com/book/56293
942 _cEBOOK
999 _c1531293
_d1531293